000 00482nam a2200133Ia 4500
008 220620s9999||||xx |||||||||||||| ||und||
020 _a9780260000000
100 _aSmith, Jessica M.
245 0 _aExtracting Accountability
_bEngineers and Corporate Social Responsibility
546 _aEnglish[eng]
650 _aEnergy technology and engineering||Energy||Environmental science, engineering and technology
856 _uhttps://doi.org/10.7551/mitpress/12677.001.0001
942 _cEB
999 _c25204
_d25204